LIBRARY & INFORMATION CENTRE, KCAET, TAVANUR

ONLINE PUBLIC ACCESS CATALOGUE (OPAC)

Communism and social Democracy 1914-1931 (Record no. 11144)

MARC details
000 -LEADER
fixed length control field 00455cam a2200181ua 4500
041 ## - LANGUAGE CODE
Language code of text/sound track or separate title eng
082 ## - DEWEY DECIMAL CLASSIFICATION NUMBER
Classification number 335
Item number COL/CO
100 ## - MAIN ENTRY--AUTHOR NAME
Personal name G.D.H, Cole .
245 ## - TITLE STATEMENT
Title Communism and social Democracy 1914-1931
260 ## - PUBLICATION, DISTRIBUTION, ETC. (IMPRINT)
Place of publication Newyork :
Name of publisher Macmillian &co.Ltd ,
Year of publication 1961.
300 ## - PHYSICAL DESCRIPTION
Number of Pages 455 ; .
650 ## - SUBJECT ADDED ENTRY--TOPICAL TERM
Topical Term Russion revolution /bukary/rived socialism/
942 ## - ADDED ENTRY ELEMENTS (KOHA)
Koha item type Books
Holdings
Withdrawn status Lost status Damaged status Home library Current library Date acquired Full call number Accession Number Koha item type
Withdrawn     KAUAET Sanskrit University 07/04/2012 335 5178 Books
free website counter